Himpunan kisah-kisah teladan 5
| Format: | Book |
|---|---|
| Published: |
Kuala Lumpur :
Syarikat Nurulhas ,
2002
|
| Edition: | Book 5 |
| Subjects: |
MARC
| LEADER | 00000cam a2200000 7i4500 | ||
|---|---|---|---|
| 001 | 0000029583 | ||
| 005 | 20100629.0 | ||
| 008 | 100629 | ||
| 020 | |a 9838380873 | ||
| 090 | 0 | 0 | |a 297.1228 |b HIM |
| 245 | 1 | 0 | |a Himpunan kisah-kisah teladan 5 |
| 250 | |a Book 5 | ||
| 260 | |a Kuala Lumpur : |b Syarikat Nurulhas , |c 2002 | ||
| 650 | 0 | |a Islamic stories, Malay | |
| 650 | 0 | |a Koran stories, Malay | |
| 999 | |a 0001059150 |b Book |c Adult Collection |e Perbadanan Perpustakaan Awam Johor | ||